Nine Letter History A-Z - Statistics

General Stats
  • This quiz has been taken 76 times
  • The average score is 17 of 26
Answer Stats
Clue Answer Letter % Correct
Greek philosopher born in Stagira Aristotle A
99%
US State names after King Louis XIV Louisiana L
91%
Franklin or Theodore Roosevelt R
91%
They became extinct 65 million years ago Dinosaurs D
87%
Canadian City Vancouver V
87%
Final leader of the Soviet Union Gorbachev G
85%
Edison,Morse and the Wright brothers Inventors I
82%
Italian Prime minister from 1922-1943 Mussolini M
82%
Scandal that brought down Nixon Watergate W
82%
Good Queen Bess Elizabeth E
81%
Third US President Jefferson J
81%
Athenian temple located at Athens Parthenon P
81%
His assassination led to the start of World War I Ferdinand F
79%
Japanese Peace Memorial museum city Hiroshima H
78%
Thracian gladiator who led slave uprising Spartacus S
78%
Former name of Constantinople Byzantium B
71%
Ted Kaczynski's terrorist nickname Unabomber U
62%
___ ______ or Ramadan War (1973)(two words) Yom Kippur Y
60%
Agamemnon v Hector conflict(two words) Trojan War T
59%
22nd and 24th US President Cleveland C
51%
Persian rule ______ ___ great(two words) Xerxes the X
40%
_________ Parr Katherine K
38%
First monarch of Great Britain(two words) Queen Anne Q
35%
Name of German tribe who ruled Italy Ostrogoth O
31%
Former name of Malawi Nyasaland N
18%
1987 Belgian ferry disaster location Zeebrugge Z
13%
No matching quizzes found
Score Distribution
Percent of People with Each Score
Percentile by Number Answered
Your Score History
You have not taken this quiz